Datum a čas kvízu
35
Celkem bodů
Celkový počet nahraných bodů na tomto kvízu bez doplňovacích otázek.
5.
Pořadí na kvízu
Konečné umístění týmu na tomto kvízu.
Zaznamenané odpovědi
| # | Otázka | Odpověď | Body | Výsledky |
|---|---|---|---|---|
| 1. | V Rokycanech podal minulý týde... | členy Ku-klux-klanu | 1 | |
| 2. | Bývalý princ Andrew už o svůj... | Princ William | 1 | |
| 3. | Na snímku vidíme umělce jménem... | Banksy | 1 | |
| 4. | Ministryně financí Alena Schil... | Kobra | 1 | |
| 5. | Český fotbal od úterního rána... | NCOZ (Národní centrála proti organizovanému zločinu), (MFK) Karviná | 0.5 | |
| 1. | Vítězné téma „vražedně“ těsnéh... | Hercule Poirot | 1 | |
| 2. | Půl bodu získáte za jméno fikt... | Harry (Hieronymus) Bosch, Michael Connelly | 0.5 | |
| 3. | Přiřaďte autory severských det... | 1A 2C 3D 4B | 1 | |
| 4. | Stopy, kořist, smrt, ticho, zl... | Dokonalý (Dokonalá/Dokonalé), Helen Fields | 0 | |
| 5. | Jednou z nejúspěšnějších český... | Zmizela v mlze (Norsko), Ostrov šedých mnichů (Nizozemsko) | 0 |